000 00538nam a2200157 a 4500
005 20140412111229.0
008 010521s19uu xx 00 eng d
020 _a0-939007-07-X
050 _aTR(GS 372.62
_bDe45
245 _aDesktop motivators :
_bgrades 1-4 /
_cillustrator Judy Ziegler.
260 _aSanta Monica, CA :
_bLee Canter & Associates Inc.
440 _aLee Canter's Assertive Discipline
520 _a12 month positive reinforcement activities and games for students
650 _aClassroom activities
999 _c102129
_d102129